Auction revolution (Record no. 29913)

MARC details
000 -LEADER
fixed length control field 01088cab a2200205 4500
001 - CONTROL NUMBER
control field ABS44486
008 - FIXED-LENGTH DATA ELEMENTS--GENERAL INFORMATION
fixed length control field 090401t1991 xxu||||| |||| 00| 0 eng d
035 ## - SYSTEM CONTROL NUMBER
System control number (Sirsi) u47427
041 ## - LANGUAGE CODE
Language code of text/sound track or separate title eng
100 ## - MAIN ENTRY--PERSONAL NAME
Personal name Morris, R.
245 ## - TITLE STATEMENT
Title Auction revolution
260 ## - PUBLICATION, DISTRIBUTION, ETC.
Date of publication, distribution, etc. 1991
350 ## - PRICE (NR) (BK AM CF MU VM SE) [OBSOLETE]
Price 0
490 ## - SERIES STATEMENT
Series statement Agricultural Digest
Volume/sequential designation 32 April 1991, 11-16(4)
520 ## - SUMMARY, ETC.
Summary, etc. Livestock auctioneering is undergoing great change, with the number of auction marts declining, and the introduction of more intense competition. The article describes the factors accounting for the transformation: decline in the number of abattoirs ; transport changes; increased capital value of livestock markets tempting redevelopment, and financial aid from the EEC. New livestock centres have been devised and built incorporating spacious car parks, improved customer facilities, better standards of hygiene, good acoustics, described here with the franchising of electronic auctions, a Canadian innovation.
650 ## - SUBJECT ADDED ENTRY--TOPICAL TERM
Topical term or geographic name entry element LIVESTOCK AUCTIONS
690 ## - LOCAL SUBJECT ADDED ENTRY--TOPICAL TERM (OCLC, RLIN)
Topical term or geographic name as entry element Auctioneering
9 (RLIN) 6218
942 ## - ADDED ENTRY ELEMENTS (KOHA)
Suppress in OPAC 0
948 ## - LOCAL PROCESSING INFORMATION (OCLC); SERIES PART DESIGNATOR (RLIN)
c (OCLC) 04/03/1997
Holdings
Withdrawn status Lost status Source of classification or shelving scheme Damaged status Not for loan Home library Current library Shelving location Date acquired Total Checkouts Full call number Barcode Date last seen Copy number Price effective from Koha item type
    Dewey Decimal Classification     London London Journal article 14/09/1999   ABS44486 47427-1001 06/08/2019 1 06/08/2019 Journal article